书目信息 |
| 题名: |
材料科学基础实验
|
|
| 作者: | 陈泉水 , 郑举功 , 刘晓东 编 | |
| 分册: | ||
| 出版信息: | 北京 化学工业出版社 2009 |
|
| 页数: | 183页 | |
| 开本: | 24cm | |
| 丛书名: | ||
| 单 册: | ||
| 中图分类: | TB302 | |
| 科图分类: | ||
| 主题词: | 材料科学--实验 , 材料科学 , 实验 | |
| 电子资源: | ||
| ISBN: | 978-7-122-05306-0 | |
| 000 | 00921nam0 2200277 45 | |
| 001 | 1050883047 | |
| 005 | 20100420094324.96 | |
| 010 | @a978-7-122-05306-0@dCNY29.00 | |
| 100 | @a20100409d2009 em y0chiy0110 ea | |
| 101 | 0 | @achi |
| 102 | @aCN@b110000 | |
| 105 | @aa z 000yy | |
| 106 | @ar | |
| 200 | 1 | @a材料科学基础实验@ACai Liao Ke Xue Ji Chu Shi Yan@f陈泉水,郑举功, 刘晓东编@FChen Quan Shui, Zheng Ju Gong, Liu Xiao Dong Bian |
| 210 | @a北京@c化学工业出版社@d2009 | |
| 215 | @a183页@c图@d24cm | |
| 330 | @a本书内容包括实验误差及数据处理、晶体结构、材料的显微结构与性能分析、相平衡及相图、非晶态结构与性质等。 | |
| 606 | 0 | @a材料科学@x实验 |
| 606 | 0 | @a材料科学 |
| 606 | 0 | @a实验 |
| 690 | @aTB302@v4 | |
| 701 | 0 | @a陈泉水@AChen Quan Shui@4编 |
| 701 | 0 | @a郑举功@AZheng Ju Gong@4编 |
| 701 | 0 | @a刘晓东@ALiu Xiao Dong@4编 |
| 801 | 0 | @aCN@bTANGWEI@c20100420 |
| 905 | @b0591394-98@dTB302@e199@f5 | |
| 材料科学基础实验/陈泉水,郑举功, 刘晓东编.-北京:化学工业出版社,2009 |
| 183页:图;24cm |
| ISBN 978-7-122-05306-0:CNY29.00 |
| 本书内容包括实验误差及数据处理、晶体结构、材料的显微结构与性能分析、相平衡及相图、非晶态结构与性质等。 |
| ● |
| 相关链接 |
|
|
|
|
正题名:材料科学基础实验
索取号:TB302/199
 
预约/预借
| 序号 | 登录号 | 条形码 | 馆藏地/架位号 | 状态 | 备注 |
| 1 | 0591394 | 205913948 | 第二样本阅览室/ [索取号:TB302/199] | 在馆 | |
| 2 | 0591395 | 205913957 | 第三借阅区/ [索取号:TB302/199] | 在馆 | |
| 3 | 0591396 | 205913966 | 第三借阅区/ [索取号:TB302/199] | 在馆 | |
| 4 | 0591397 | 205913975 | 第三借阅区/ [索取号:TB302/199] | 在馆 | |
| 5 | 0591398 | 205913984 | 密集书库-物理学院/ [索取号:TB302/199] | 在馆 |